Leaders Start to Finish: A Roadmap for Developing Top Performers (Record no. 12286)
[ view plain ]
| 000 -LEADER | |
|---|---|
| fixed length control field | 00260nam a22000977a 4500 |
| 020 ## - INTERNATIONAL STANDARD BOOK NUMBER | |
| ISBN | 9788130930879 |
| 082 ## - DEWEY DECIMAL CLASSIFICATION NUMBER | |
| Classification number | 658.407 |
| 100 ## - MAIN ENTRY--AUTHOR NAME | |
| Personal name | Anne Bruce Stephanie M. Montanez |
| 245 ## - TITLE STATEMENT | |
| Title | Leaders Start to Finish: A Roadmap for Developing Top Performers |
| 942 ## - ADDED ENTRY ELEMENTS (KOHA) | |
| Koha item type | Books |
| Withdrawn status | Lost status | Collection code | Permanent Location | Current Location | Shelving location | Date acquired | Full call number | Accession Number | Koha item type |
|---|---|---|---|---|---|---|---|---|---|
| | | Management | MAJU | MAJU | | 2020-02-26 | 658.407 | 9558 | Management |